Sgt. Will Gardner / Mona Vista Productions ; ... Read More
Available copies
- 1 of 1 copy available at LARL/NWRL Consortium.
- 1 of 1 copy available at Lake Agassiz Regional Library. (Show preferred library)
Current holds
0 current holds with 1 total copy.
Show Only Available Copies
| Location | Call Number / Copy Notes | Barcode | Shelving Location | Status | Due Date |
|---|---|---|---|---|---|
| Moorhead Public Library | DVD SGT (Text) | 33500013011325 | Main | Available | - |
Record details
- Physical Description: 1 videodisc (125 min.) : sound, colour ; 4 3/4 ... Read More
- Publisher: [Place of publication not identified] : Cinedigm, 2019.
Content descriptions
| General Note: | Originally released as a motion picture in 2018. Widescreen. |
| Participant or Performer Note: | Max Martini, Omari Hardwick, Lily Rabe, Dermot ... Read More |
| Summary, etc.: | A forgotten Iraq war veteran with severe PTSD is ... Read More |
| System Details Note: | DVD; Widescreen presentation; region 1; Dolby ... Read More |
| Language Note: | English audio; English subtitles for the deaf and ... Read More |
Search for related items by subject
| Genre: | Action and adventure films. Drama. Fiction films. War films. Road films. Feature films. Fiction films. |
| LDR | 03300cgm a2200733Ii 4500 | ||
|---|---|---|---|
| 001 | 309407 | ||
| 003 | LARL_NWRL_CONSORTIUM | ||
| 005 | 20190222210542.0 | ||
| 008 | 181130p20192018xx 125 e vleng d | ||
| 007 | vd cvaizk | ||
| 040 | . | ‡aMLSOD ‡beng ‡erda ‡cMLSOD ‡dTEF ‡dOCLCF ‡dGK8 ‡dGL4 ‡dKCK | |
| 024 | 1 | 0. | ‡a767685160756 |
| 028 | 4 | 2. | ‡aSG6075 ‡bCinedigm |
| 028 | 4 | 2. | ‡a2112165 ‡bCinedigm ‡q(container) |
| 028 | 4 | 2. | ‡a2112164 ‡bCinedigm ‡q(disc) |
| 028 | 4 | 2. | ‡a1065340 ‡bCinedigm ‡q(disc) |
| 035 | . | ‡a(OCoLC)1077744790 | |
| 046 | . | ‡as ‡k2018 ‡2edtf | |
| 082 | 0 | 4. | ‡a791.43/72 ‡223 |
| 245 | 0 | 0. | ‡aSgt. Will Gardner / ‡cMona Vista Productions ; produced by Michael Hagerty & Max Marini ; co-producer, Tony Mark ; written and directed by Max Martini. |
| 246 | 3 | . | ‡aSergeant Will Gardner |
| 257 | . | ‡aUnited States ‡2naf | |
| 264 | 1. | ‡a[Place of publication not identified] : ‡bCinedigm, ‡c2019. | |
| 300 | . | ‡a1 videodisc (125 min.) : ‡bsound, colour ; ‡c4 3/4 inches | |
| 336 | . | ‡atwo-dimensional moving image ‡btdi ‡2rdacontent | |
| 337 | . | ‡avideo ‡bv ‡2rdamedia | |
| 338 | . | ‡avideodisc ‡bvd ‡2rdacarrier | |
| 344 | . | ‡adigital ‡boptical ‡gsurround ‡hDolby Digital 5.1 ‡2rda | |
| 347 | . | ‡avideo file ‡bDVD video ‡eregion 1 ‡2rda | |
| 380 | . | ‡aMotion picture | |
| 538 | . | ‡aDVD; Widescreen presentation; region 1; Dolby Digital 5.1. | |
| 546 | . | ‡aEnglish audio; English subtitles for the deaf and hard of hearing (SDH). | |
| 511 | 1 | . | ‡aMax Martini, Omari Hardwick, Lily Rabe, Dermot Mulroney. |
| 500 | . | ‡aOriginally released as a motion picture in 2018. | |
| 500 | . | ‡aWidescreen. | |
| 520 | . | ‡aA forgotten Iraq war veteran with severe PTSD is trying to pick up the pieces of his life. After a series of set backs he decides to steal a motorcycle and embarks on a cross-country road trip to reunite with his wife and son. Along his journey, he tries to pick up the pieces of a life he's lost since returning from combat and experiences frequent flashbacks to the Iraq War and frequently has conversations with his best friend and war buddy. | |
| 650 | 0. | ‡aVeterans ‡vDrama. | |
| 650 | 0. | ‡aPost-traumatic stress disorder ‡vDrama. | |
| 650 | 0. | ‡aBrain damage ‡xVeterans ‡vDrama. | |
| 650 | 0. | ‡aIraq War, 2003-2011 ‡vDrama. | |
| 650 | 0. | ‡aMotorcycling ‡vDrama. | |
| 650 | 0. | ‡aVoyages and travels ‡vDrama. | |
| 650 | 0. | ‡aBest friends ‡vDrama. | |
| 650 | 0. | ‡aFamilies ‡vDrama. ‡0(LARL_NWRL_CONSORTIUM)164935 | |
| 650 | 7. | ‡aBest friends. ‡2fast ‡0(LARL_NWRL_CONSORTIUM)176260 | |
| 650 | 7. | ‡aFamilies. ‡2fast ‡0(LARL_NWRL_CONSORTIUM)19934 | |
| 650 | 7. | ‡aVeterans. ‡2fast ‡0(LARL_NWRL_CONSORTIUM)177123 | |
| 650 | 7. | ‡aVoyages and travels. ‡2fast ‡0(LARL_NWRL_CONSORTIUM)178540 | |
| 655 | 7. | ‡aAction and adventure films. ‡2fast ‡0(LARL_NWRL_CONSORTIUM)175617 | |
| 655 | 7. | ‡aDrama. ‡2fast | |
| 655 | 7. | ‡aFiction films. ‡2fast ‡0(LARL_NWRL_CONSORTIUM)175626 | |
| 655 | 7. | ‡aWar films. ‡2lcgft ‡0(LARL_NWRL_CONSORTIUM)175740 | |
| 655 | 7. | ‡aRoad films. ‡2lcgft ‡0(LARL_NWRL_CONSORTIUM)175677 | |
| 655 | 7. | ‡aFeature films. ‡2lcgft ‡0(LARL_NWRL_CONSORTIUM)175625 | |
| 655 | 7. | ‡aFiction films. ‡2lcgft ‡0(LARL_NWRL_CONSORTIUM)175626 | |
| 700 | 1 | . | ‡aMartini, Max, ‡d1969- ‡efilm director, ‡escreenwriter, ‡eactor. ‡0(LARL_NWRL_CONSORTIUM)208227 |
| 700 | 1 | . | ‡aHardwick, Omari, ‡d1974- ‡eactor. |
| 700 | 1 | . | ‡aRabe, Lily, ‡d1982- ‡eactor. |
| 700 | 1 | . | ‡aMulroney, Dermot, ‡eactor. ‡0(LARL_NWRL_CONSORTIUM)143967 |
| 710 | 2 | . | ‡aCinedigm (Firm), ‡epublisher. |
| 710 | 2 | . | ‡aMona Vista Productions, ‡eproduction company. |
| 901 | . | ‡a309407 ‡bOCoLC ‡c309407 ‡tbiblio ‡soclc | |

Add to basket
Permalink
Disable Highlighting